Diseño de una interfaz humano-máquina para tres miembros de la familia de instrumentos de administración de energía de Cutler-Hammer

Na minha lista:
Detalhes bibliográficos
Autor principal: Venegas Zúñiga, Gustavo
Formato: Livro
Publicado em: San José, C.R. 2001
Assuntos:
Tags: Adicionar Tag
Sem tags, seja o primeiro a adicionar uma tag!

MARC

LEADER 00000nam a2200000Ia 4500
003 008725
005 20221231144202.0
008 140114s2001 cr a m 000 ||s d
040 |c cru CEDI 
090 |a TFG 4314 
100 |a Venegas Zúñiga, Gustavo   |9 7792 
245 |a Diseño de una interfaz humano-máquina para tres miembros de la familia de instrumentos de administración de energía de Cutler-Hammer  
260 |c 2001  |a  San José, C.R.  
300 |a  x, 58 hojas  
500 |a  Proyecto de graduación (bachillerato en ingeniería eléctrica)--Universidad de Costa Rica. Facultad de Ingeniería. Escuela de Ingeniería Eléctrica 
650 |x CIRCUITOS DE INTERFAZ   |x CONTROL AUTOMATICO   |x INTERFASES CON EL USUARIO (SISTEMA PARA COMPUTADORA)  |9 2121 
942 |c TFG 
999 |c 18124  |d 18124